Alle Spiel-Filme von Christopher Nolan - Statistiken

Allgemein
  • Dieses Quiz wurde 60 mal gespielt
  • Das Durchschnittsergebnis liegt bei 8 aus 12
Antwortstatistiken
Hint Antwort % Korrekt
2023 Oppenheimer
93%
2010 Inception
89%
2014 Interstellar
88%
2008 The dark knight
81%
2012 The Dark Knight Rises
74%
2020 Tenet
72%
2005 Batman Begins
70%
2000 Memento
63%
2017 Dunkirk
61%
2006 The Prestige
51%
2002 Insomnia
28%
1998 The Following
28%
Keine übereinstimmenden Quizze gefunden
Verteilung der Resultate
Anzahl Personen mit jedem Resultat
Perzentil nach korrekt beantworteten Fragen
Ihre Resultats-Entwicklung
Sie haben dieses Quiz noch nicht gespielt